[Event "It (open)"]
[Site "masterchessopen.com Geneva (Switzerland)"]
[Round "0"]
[White "Sauvin Jacques (SUI)"]
[Black "Raeber Markus (SUI)"]
[Result "1-0"]
[WhiteElo "2187"]
[BlackElo "2216"]

1.d4 Nf6 2.Nf3 g6 3.g3 Bg7 4.Bg2 O-O 5.O-O d6 6.c4 Nbd7 7.Nc3 c6 8.h3 e5 9.e4
Re8 10.Be3 Qc7 11.Qe2 exd4 12.Nxd4 Nc5 13.Rad1 Be6 14.Ndb5 cxb5 15.Nxb5 Qa5
16.Nxd6 Re7 17.f4 Bd7 18.e5 Ne8 19.Qf2 Na6 20.Nxb7 Qxa2 21.Nc5 Rd8 22.Ra1 Qxc4
23.Nxa6 Bb5 24.Nc5 a6 25.Rfc1 Qb4 26.Nxa6 Bxa6 27.Bc5 Qd2 28.Qxd2 {#r} 1-0

[Event "Ch Hungary (team) 1992/93"]
[Site "masterchessopen.com Hungary"]
[Round "0"]
[White "Farago Sandor (HUN)"]
[Black "Boros Daniel (HUN)"]
[Result "1-0"]
[WhiteElo "2278"]
[BlackElo "2325"]

1.d4 Nf6 2.c4 g6 3.Nf3 Bg7 4.g3 O-O 5.Bg2 c6 6.O-O d6 7.Nc3 Nbd7 8.e4 e5 9.h3
Qb6 10.d5 Nc5 11.Re1 cxd5 12.cxd5 Ne8 13.Rb1 f5 14.Be3 Qc7 15.b4 fxe4 16.bxc5
exf3 17.Bxf3 Bxh3 18.Ne4 Bf5 19.cxd6 Qa5 20.d7 Bxd7 21.Nc5 Bf5 22.Nxb7 Qxa2
23.d6 Qxb1 24.Qd5+ Kh8 25.Rxb1 Bxb1 26.d7 Nf6 27.Qb5 Nxd7 28.Bc6 Bf5 29.Bxd7
{#r} 1-0

[Event "Olympiad"]
[Site "masterchessopen.com Manila (Philippines)"]
[Round "0"]
[White "Cuevas-Rodriguez Ma Luisa (ESP)"]
[Black "Skripchenko Almira (FRA)"]
[Result "1-0"]
[WhiteElo "2185"]
[BlackElo "2470"]

1.d4 Nf6 2.c4 g6 3.Nf3 Bg7 4.g3 O-O 5.Bg2 d6 6.O-O Nbd7 7.Nc3 c6 8.e4 e5 9.h3
Qb6 10.dxe5 Nxe5 11.b3 Nxf3+ 12.Qxf3 Nxe4 13.Nxe4 Bxa1 14.Bh6 Bg7 15.Nf6+ Kh8
16.Bxg7+ Kxg7 17.Qc3 Kh6 18.Re1 d5 19.c5 Qd8 20.Qd4 g5 21.h4 Kg6 22.h5+ Kh6
23.f4 Bf5 24.Qe5 Kg7 25.Ne8+ Kh6 26.Qg7+ Kxh5 27.Bf3+ g4 28.Bxg4+ {#r} 1-0

[Event "It (open)"]
[Site "masterchessopen.com New York (USA)"]
[Round "0"]
[White "Arnett David A (USA)"]
[Black "Sherzer Alex (USA)"]
[Result "1-0"]
[WhiteElo "2311"]
[BlackElo "2460"]

1.d4 Nf6 2.Nf3 g6 3.c4 Bg7 4.Nc3 O-O 5.g3 d6 6.Bg2 c6 7.O-O Nbd7 8.h3 e5 9.e4
Qb6 10.Re1 a5 11.Rb1 exd4 12.Nxd4 Ne5 13.Na4 Qa7 14.Be3 Nxc4 15.Nxc6 Qa6
16.Ne7+ Kh8 17.Bf1 b5 18.Bxc4 bxc4 19.Nb6 Bxh3 20.Nxa8 Qxa8 21.Nd5 Nxe4 22.Bd4
Nf6 23.Bxf6 Bxf6 24.Kh2 Bf5 25.Nxf6 Bxb1 26.Qd4 Bf5 27.Re8 {#r} 1-0

[Event "It (open)"]
[Site "masterchessopen.com New York (USA)"]
[Round "0"]
[White "Zaichik Gennadi (USA)"]
[Black "Zaderman Yuri (USA)"]
[Result "1-0"]
[WhiteElo "2457"]
[BlackElo "2254"]

1.d4 Nf6 2.c4 g6 3.g3 Bg7 4.Bg2 O-O 5.Nc3 d6 6.Nf3 Nbd7 7.O-O e5 8.h3 c6 9.e4
Re8 10.Re1 a5 11.Be3 exd4 12.Nxd4 Nc5 13.Qc2 Nfd7 14.Rad1 Qe7 15.f4 h5 16.Bf2
Nf8 17.Qd2 Nfe6 18.Nf5 gxf5 19.exf5 Qf6 20.fxe6 Bxe6 21.Qxd6 Bf8 22.Qe5 Nd7
23.Qxh5 Bg7 24.Ne4 Qxb2 25.f5 Qe5 26.Nd6 Nf6 27.Rxe5 Nxh5 28.fxe6 {#r} 1-0

[Event "It (open)"]
[Site "masterchessopen.com Norresundby (Denmark)"]
[Round "0"]
[White "Jelling Erik (DEN)"]
[Black "Nielsen Thomas Bach (DEN)"]
[Result "1-0"]
[WhiteElo "2400"]
[BlackElo "2219"]

1.d4 Nf6 2.c4 g6 3.Nf3 Bg7 4.g3 d6 5.Bg2 O-O 6.O-O c6 7.Nc3 Nbd7 8.h3 e5 9.e4
Re8 10.Re1 Qc7 11.Be3 a6 12.Qc2 b5 13.c5 dxc5 14.dxe5 Nxe5 15.Nxe5 Qxe5 16.f4
Qc7 17.Bxc5 Bb7 18.e5 Nd7 19.Bd6 Qb6+ 20.Kh2 h5 21.h4 f5 22.a4 Rac8 23.a5 Qa7
24.Rad1 Ba8 25.b4 Re6 26.Qb3 Re8 27.Ne2 Qf2 28.Nd4 c5 29.Re2 {#r} 1-0

[Event "It (open)"]
[Site "masterchessopen.com Philadelphia (USA)"]
[Round "0"]
[White "Benjamin Joel (USA)"]
[Black "Walker Leigh (USA)"]
[Result "1-0"]
[WhiteElo "2570"]
[BlackElo "2125"]

1.c4 Nf6 2.Nf3 g6 3.Nc3 Bg7 4.g3 O-O 5.Bg2 d6 6.d4 Nbd7 7.O-O e5 8.e4 c6 9.h3
Qb6 10.Re1 a5 11.b3 exd4 12.Nxd4 Ng4 13.Nce2 c5 14.hxg4 cxd4 15.Bb2 Nc5 16.Nf4
Be6 17.Bxd4 Bxd4 18.Qxd4 a4 19.Rab1 axb3 20.axb3 Qb4 21.Qxd6 Rad8 22.Qe5 Rd2
23.Bf1 Rfd8 24.Nd5 Bxd5 25.exd5 Qb6 26.Qe3 Ra2 27.b4 Nd7 28.c5 Qc7 29.Bc4 Raa8
30.Qe7 {#r} 1-0

[Event "Ch Romania (team)"]
[Site "masterchessopen.com Romania"]
[Round "0"]
[White "Stefanov Parik (ROM)"]
[Black "Nicula Marius (ROM)"]
[Result "1-0"]
[WhiteElo "2331"]
[BlackElo "2206"]

1.Nf3 Nf6 2.c4 g6 3.g3 Bg7 4.Bg2 O-O 5.O-O c6 6.d4 d6 7.Nc3 Nbd7 8.e4 e5 9.h3
Qb6 10.Re1 exd4 11.Nxd4 Ne8 12.Nce2 Ne5 13.b3 c5 14.Nc2 f5 15.Nf4 Nc6 16.Rb1
Nf6 17.exf5 Bxf5 18.g4 Bxc2 19.Qxc2 Nd4 20.Qd3 Rae8 21.Be3 Nd7 22.Bd5+ Kh8
23.Nxg6+ hxg6 24.Qxg6 Nf6 25.Bxd4 {#r} 1-0

[Event "Ch Slovenia (1 liga)"]
[Site "masterchessopen.com Slovenia"]
[Round "0"]
[White "Rodman Franc (SLO)"]
[Black "Slibar Matjaz (SLO)"]
[Result "1-0"]
[WhiteElo "2155"]
[BlackElo "2197"]

1.d4 Nf6 2.c4 g6 3.Nc3 Bg7 4.Nf3 O-O 5.g3 d6 6.Bg2 Nbd7 7.O-O e5 8.e4 c6 9.h3
Qa5 10.Be3 exd4 11.Nxd4 Qb4 12.Qb3 Qa5 13.Qc2 Nb6 14.b3 d5 15.e5 Nfd7 16.cxd5
Nxe5 17.f4 Ned7 18.dxc6 bxc6 19.Rac1 Ba6 20.Rfe1 Nd5 21.Nxd5 cxd5 22.Nc6 Qa3
23.Bd2 Rfe8 24.Bb4 Qb2 25.Rxe8+ Rxe8 26.Qxb2 Bxb2 27.Rb1 Bf6 28.Bxd5 Nb6
29.Bf3 Re3 30.Kf2 {#r} 1-0

[Event "Ch NRW (juniors) (under 20)"]
[Site "masterchessopen.com Telgte (Germany)"]
[Round "6"]
[White "Dinstuhl Volkmar (GER)"]
[Black "Schlecht Daniel (GER)"]
[Result "1-0"]
[WhiteElo "2408"]
[BlackElo "2391"]

1.c4 Nf6 2.Nc3 g6 3.g3 Bg7 4.Bg2 O-O 5.Nf3 d6 6.O-O Nbd7 7.d4 e5 8.e4 c6 9.h3
Qb6 10.d5 cxd5 11.cxd5 Nc5 12.Re1 Bd7 13.Rb1 a5 14.Be3 Rfc8 15.Nd2 Ne8 16.Nb3
a4 17.Nxc5 dxc5 18.b4 axb3 19.Rxb3 Qa5 20.Rxb7 Qxc3 21.Rxd7 Rxa2 22.Rf1 c4
23.d6 Qd3 24.Qf3 f6 25.Qg4 f5 26.Qh4 Nf6 27.Rc7 Rf8 28.Bh6 Bh8 29.Bxf8 Kxf8
{#r} 1-0

[Event "It (open)"]
[Site "masterchessopen.com Walsall (England)"]
[Round "0"]
[White "Suba Mihai (ROM)"]
[Black "McNab Colin A (SCO)"]
[Result "1-0"]
[WhiteElo "2520"]
[BlackElo "2480"]

1.c4 d6 2.Nc3 e5 3.g3 c6 4.d4 Nd7 5.Bg2 g6 6.e4 Bg7 7.Nf3 Ngf6 8.O-O O-O 9.h3
Qa5 10.Re1 b5 11.cxb5 cxb5 12.Bd2 Qb6 13.Be3 Qb8 14.Rc1 b4 15.dxe5 Nxe5
16.Nxe5 dxe5 17.Nd5 Nxd5 18.exd5 Rd8 19.d6 Bb7 20.Bxb7 Qxb7 21.Rc7 Qb5 22.Qf3
Qe8 23.Re7 Qf8 24.Bc5 f5 25.Qd5+ Kh8 26.R1xe5 Qg8 27.R5e6 {#r} 1-0

[Event "It (open)"]
[Site "masterchessopen.com Zalaegerszeg (Hungary)"]
[Round "0"]
[White "Vaulin Alexander (RUS)"]
[Black "Lingnau Carsten (GER)"]
[Result "1-0"]
[WhiteElo "2515"]
[BlackElo "2365"]

1.c4 g6 2.g3 Bg7 3.Bg2 Nf6 4.Nc3 O-O 5.d4 d6 6.Nf3 Nbd7 7.O-O e5 8.e4 c6 9.h3
Qb6 10.d5 Nc5 11.Qe2 Bd7 12.Be3 cxd5 13.cxd5 Rfc8 14.Rfc1 a5 15.Nd2 Qd8 16.b3
Rab8 17.Rab1 b5 18.Nd1 Na6 19.Qf1 Rxc1 20.Rxc1 Rc8 21.Nc3 Rb8 22.a4 Nc7
23.axb5 Nxb5 24.Nxb5 Bxb5 25.Qd1 Ne8 26.Bf1 Bd7 27.Ra1 f5 28.Nc4 fxe4 29.Nxa5
Qc7 30.Nc6 {#r} 1-0

[Event "It (open)"]
[Site "masterchessopen.com Zurich (Switzerland)"]
[Round "0"]
[White "Cvitan Ognjen (CRO)"]
[Black "Potterat Marc (SUI)"]
[Result "1-0"]
[WhiteElo "2550"]
[BlackElo "2148"]

1.Nf3 Nf6 2.c4 g6 3.g3 Bg7 4.Bg2 d6 5.d4 O-O 6.O-O Nbd7 7.Nc3 e5 8.e4 c6 9.h3
Re8 10.Be3 exd4 11.Nxd4 Nc5 12.Qd2 Qe7 13.Rfe1 a5 14.Rad1 Bd7 15.Bf4 Nh5
16.Nxc6 Bxc6 17.Bxd6 Qe6 18.Bxc5 Qxc4 19.Bd6 Bxc3 20.Qxc3 Qxa2 21.g4 Ng7
22.Be5 Ne6 23.Ra1 {#r} 1-0

[Event "It (open)"]
[Site "masterchessopen.com Aegina (Greece)"]
[Round "1"]
[White "Kirov Nino (BUL)"]
[Black "Zalahoras Nikolaos (GRE)"]
[Result "1-0"]
[WhiteElo "2419"]
[BlackElo "2158"]

1.Nf3 Nf6 2.g3 g6 3.Bg2 Bg7 4.c4 O-O 5.Nc3 d6 6.d4 Nbd7 7.O-O c6 8.e4 e5 9.h3
Qc7 10.Be3 Re8 11.Qc2 Nf8 12.Rfd1 exd4 13.Nxd4 Ne6 14.Nb3 b6 15.Nd4 Ba6 16.b3
Rad8 17.Nxc6 Qxc6 18.e5 Qc8 19.exf6 Bxf6 20.Rac1 Bb7 21.Nd5 Bxd5 22.Bxd5 Nc7
23.Bg2 Rxe3 24.fxe3 Be5 25.Qf2 Rf8 26.Kh2 h5 27.h4 Qd8 28.Kh1 Qd7 {#r} 1-0

[Event "It (open)"]
[Site "masterchessopen.com Barcelona (Spain)"]
[Round "6"]
[White "Komljenovic Davor (CRO)"]
[Black "Paniagua Garcia Jose Maria (ESP)"]
[Result "1-0"]
[WhiteElo "2450"]
[BlackElo "2223"]

1.d4 Nf6 2.c4 g6 3.Nf3 Bg7 4.g3 O-O 5.Bg2 d6 6.O-O Nbd7 7.Nc3 e5 8.e4 c6 9.h3
Qc7 10.Be3 exd4 11.Nxd4 Re8 12.Qc2 Nh5 13.Rad1 Nc5 14.g4 Nf6 15.Bf4 Nfd7 16.b4
Bxd4 17.bxc5 Nxc5 18.Rxd4 Ne6 19.Qd2 Nxd4 20.Qxd4 Qa5 21.Bxd6 Be6 22.c5 b6
23.e5 bxc5 24.Qe3 {#r} 1-0

[Event "Ch Chess Club"]
[Site "masterchessopen.com Buenos Aires (Argentina)"]
[Round "5"]
[White "Casoy Gaspar (ARG)"]
[Black "Fiorito Fabian (ARG)"]
[Result "0-1"]
[WhiteElo "2374"]
[BlackElo "2425"]

1.d4 Nf6 2.c4 g6 3.Nf3 Bg7 4.g3 O-O 5.Bg2 d6 6.O-O Nbd7 7.Nc3 e5 8.e4 c6 9.h3
exd4 10.Nxd4 Re8 11.Be3 Nc5 12.Qc2 a5 13.Rfe1 a4 14.Rad1 Qa5 15.f4 Ne6 16.Nce2
d5 17.e5 Ne4 18.Kh2 f6 19.exf6 Bxf6 20.Bxe4 dxe4 21.Nxe6 Bxe6 22.Bd4 Bxd4
23.Nxd4 Bf7 24.Rxe4 Rxe4 25.Qxe4 Qb4 26.b3 axb3 27.axb3 c5 28.Ne6 Qxb3 29.Rd8+
Rxd8 30.Nxd8 Qb2+ {#R} 0-1

[Event "It (open) \"]
[Site "masterchessopen.com Buenos Aires (Argentina)"]
[Round "4"]
[White "Minzer Claudio Javier (ARG)"]
[Black "Naymark Israel (ARG)"]
[Result "1-0"]
[WhiteElo "2370"]
[BlackElo "2010"]

1.d4 Nf6 2.c4 d6 3.Nc3 c6 4.Nf3 g6 5.e4 Bg7 6.g3 Nbd7 7.Bg2 O-O 8.O-O e5 9.h3
Qc7 10.Be3 Re8 11.Qc2 Nf8 12.Rfd1 exd4 13.Nxd4 Ne6 14.b3 Nd7 15.Rd2 Qa5
16.Nde2 Qh5 17.f4 g5 18.f5 Nec5 19.Rxd6 g4 20.h4 Bf8 21.Nf4 {#r} 1-0

[Event "It (open)"]
[Site "masterchessopen.com Burela (Spain)"]
[Round "0"]
[White "Paramos Dominguez Roberto (ESP)"]
[Black "Strikovic Aleksa (SRB)"]
[Result "0-1"]
[WhiteElo "2375"]
[BlackElo "2465"]

1.d4 Nf6 2.c4 g6 3.Nc3 d6 4.Nf3 Nbd7 5.g3 Bg7 6.Bg2 O-O 7.O-O e5 8.h3 c6 9.e4
exd4 10.Nxd4 Qb6 11.Re1 Ne8 12.Nf3 Ne5 13.Nxe5 dxe5 14.Be3 Qxb2 15.Na4 Qb4
16.Bc5 Qxc4 17.Bxf8 Bxf8 18.Bf1 Qe6 19.Qc2 Qe7 20.Red1 Nc7 21.Rab1 Ne6 22.Qd3
Nd4 23.f4 Bg7 24.fxe5 Bxe5 25.Qe3 Ne6 26.Rd3 b5 27.Nc3 Nc5 28.Rbd1 Bb7 29.Ne2
a6 {#R} 0-1

[Event "Ch Catalunia (team)"]
[Site "masterchessopen.com Catalunia (Spain)"]
[Round "0"]
[White "Serrano Pertinez Miquel (ESP)"]
[Black "Vidarte Morales Arturo (ESP)"]
[Result "0-1"]
[WhiteElo "2080"]
[BlackElo "2330"]

1.d4 Nf6 2.c4 g6 3.Nc3 Bg7 4.Nf3 O-O 5.g3 d6 6.Bg2 Nbd7 7.O-O e5 8.e4 c6 9.h3
exd4 10.Nxd4 Ne8 11.Be3 Qe7 12.Re1 Nc7 13.Qd2 Ne5 14.b3 f6 15.Rad1 Nf7 16.f4
Bd7 17.b4 b6 18.Nb3 Rfd8 19.Qf2 c5 20.e5 fxe5 21.Bxa8 Rxa8 22.bxc5 bxc5 23.Qg2
Rf8 24.Ne4 Ne6 25.Nc3 Nc7 26.Kh2 Be6 27.Nd2 exf4 28.Nd5 Bxd5 29.Bxf4 Qxe1 {#R}
0-1

[Event "It (open)"]
[Site "masterchessopen.com Ceske Budejovice (Czech Republic)"]
[Round "3"]
[White "Konopka Michal (CZE)"]
[Black "Piza Vlastimil (CZE)"]
[Result "1-0"]
[WhiteElo "2436"]
[BlackElo "2252"]

1.Nf3 Nf6 2.c4 g6 3.g3 Bg7 4.d4 d6 5.Bg2 O-O 6.O-O Nbd7 7.Nc3 e5 8.e4 c6 9.h3
Qb6 10.c5 dxc5 11.dxe5 Ne8 12.e6 fxe6 13.Ng5 Ne5 14.f4 c4+ 15.Kh2 Nd3 16.e5
Bd7 17.b3 Qd4 18.Qd2 Rd8 19.Ba3 Bc8 20.Rad1 c5 21.Nb5 Qd7 22.bxc4 Nc7 23.Nxa7
Qa4 24.Nxc8 Qxa3 25.Ne7+ Kh8 26.Rf3 {#r} 1-0

[Event "It (open)"]
[Site "masterchessopen.com Ceske Budejovice (Czech Republic)"]
[Round "6"]
[White "Supatashvili Khvicha (GEO)"]
[Black "Sergeev Vladimir (UKR)"]
[Result "1-0"]
[WhiteElo "2450"]
[BlackElo "2526"]

1.d4 Nf6 2.c4 d6 3.Nc3 Nbd7 4.Nf3 g6 5.g3 Bg7 6.Bg2 O-O 7.O-O e5 8.h3 c6 9.e4
Qb6 10.Re1 exd4 11.Nxd4 Ne8 12.Nf3 Qb4 13.Bf1 Ne5 14.a3 Nxf3+ 15.Qxf3 Qb3
16.Qd1 Qxd1 17.Rxd1 f5 18.exf5 Bxf5 19.Be3 Bxc3 20.bxc3 Be4 21.Bf4 Rd8 22.Re1
Nf6 23.Rad1 d5 24.cxd5 cxd5 25.Re3 Rc8 26.Be5 Bc2 27.Rd2 Ba4 28.Rd4 b5 29.Rf3
Nd7 30.Rxf8+ Nxf8 31.Bd6 {#r} 1-0

[Event "Ch Russian Chess Club (1/2 final)"]
[Site "masterchessopen.com Cherepovets (Russia)"]
[Round "6"]
[White "Dokutchaev A (RUS)"]
[Black "Zhelnin Vladimir V (RUS)"]
[Result "1-0"]
[WhiteElo "2428"]
[BlackElo "2430"]

1.d4 Nf6 2.c4 d6 3.Nc3 e5 4.Nf3 Nbd7 5.g3 g6 6.Bg2 Bg7 7.O-O O-O 8.e4 c6 9.h3
Ne8 10.Be3 Qe7 11.Qe2 f5 12.exf5 gxf5 13.dxe5 dxe5 14.Rad1 e4 15.Bd4 Nef6
16.Nh2 Ne5 17.f4 exf3 18.Nxf3 Nxf3+ 19.Bxf3 Be6 20.Rfe1 Rfe8 21.Bxf6 Bxf6
22.Bh5 Qc5+ 23.Qf2 Qxc4 24.Ne4 fxe4 25.Qxf6 Bxh3 26.Qg5+ Kh8 27.Qf6+ Kg8
28.Qg5+ Kh8 {#r} 1-0

[Event "It (cat.3)"]
[Site "masterchessopen.com Clichy (France)"]
[Round "4"]
[White "Mozny Milos (CZE)"]
[Black "Lamoureux Charles (FRA)"]
[Result "1-0"]
[WhiteElo "2346"]
[BlackElo "2380"]

1.d4 Nf6 2.Nf3 g6 3.c4 Bg7 4.g3 O-O 5.Bg2 d6 6.O-O Nbd7 7.Nc3 e5 8.e4 c6 9.h3
Qb6 10.c5 dxc5 11.dxe5 Ne8 12.e6 fxe6 13.Ng5 Ne5 14.f4 h6 15.fxe5 Rxf1+
16.Qxf1 c4+ 17.Kh2 hxg5 18.Bxg5 Qxb2 19.Rd1 Qxc3 20.Rd8 Qxe5 21.Rxe8+ Kh7
22.h4 Qc7 23.Re7 Qxe7 24.Bxe7 b5 25.Qf7 Ba6 26.e5 {#r} 1-0

[Event "It (open) \"]
[Site "masterchessopen.com Cologne (Germany)"]
[Round "4"]
[White "Konietzka Lutz (GER)"]
[Black "Matthaei Alexander (GER)"]
[Result "0-1"]
[WhiteElo "2090"]
[BlackElo "2270"]

1.Nf3 Nf6 2.c4 d6 3.d4 g6 4.g3 Bg7 5.Bg2 O-O 6.O-O Nbd7 7.Nc3 e5 8.e4 c6 9.h3
Qb6 10.d5 Ne8 11.Qe2 f5 12.Be3 c5 13.exf5 gxf5 14.Ng5 Ndf6 15.Rab1 a5 16.Ne6
Bxe6 17.dxe6 Nc7 18.Nd5 Nfxd5 19.cxd5 Nb5 20.b4 Nc3 21.Qc4 Nxb1 22.bxc5 Na3
23.Qa4 Qb4 24.Qxb4 axb4 25.cxd6 Bf6 26.e7 Rfe8 {#R} 0-1

[Event "It (open)"]
[Site "masterchessopen.com Eger (Hungary)"]
[Round "2"]
[White "Rotfuss Oliver (GER)"]
[Black "Seres Lajos (HUN)"]
[Result "0-1"]
[WhiteElo "2109"]
[BlackElo "2461"]

1.d4 Nf6 2.c4 g6 3.Nc3 Bg7 4.Nf3 O-O 5.g3 d6 6.Bg2 Nbd7 7.O-O e5 8.e4 c6 9.h3
exd4 10.Nxd4 Re8 11.Re1 Qb6 12.Nc2 Ne5 13.Ne3 Be6 14.Qe2 Qb4 15.Bf1 Nxe4
16.Nxe4 Qxe1 17.Qxe1 Nf3+ 18.Kh1 Nxe1 19.Nxd6 Re7 20.Be2 Rd8 21.Bd2 b6 22.Ne4
Nd3 {#R} 0-1

[Event "It (open)"]
[Site "masterchessopen.com Espoo (Finland)"]
[Round "8"]
[White "Manninen Marko (FIN)"]
[Black "Sorri Kari Juhani (FIN)"]
[Result "1-0"]
[WhiteElo "2377"]
[BlackElo "2251"]

1.d4 Nf6 2.c4 g6 3.g3 Bg7 4.Bg2 d6 5.Nf3 O-O 6.O-O c6 7.Nc3 Nbd7 8.e4 e5 9.h3
Re8 10.Rb1 exd4 11.Nxd4 Nc5 12.Re1 d5 13.cxd5 cxd5 14.exd5 Rxe1+ 15.Qxe1 Nxd5
16.Nxd5 Bxd4 17.Be3 Bxe3 18.Qxe3 Ne6 19.Qc3 Ng7 20.Rd1 Kh8 21.Rd2 Rb8 22.h4
Be6 23.Nf6 Qc8 24.Qe5 Qc1+ 25.Kh2 Rc8 26.Qg5 Ne8 27.Nxe8 Rxe8 28.Rd8 {#r} 1-0

[Event "Oberliga Northeast 1993/94"]
[Site "masterchessopen.com Germany"]
[Round "0"]
[White "Zeitz Philip Dr (GER)"]
[Black "Piersig Hans-Juergen (GER)"]
[Result "1-0"]
[WhiteElo "2202"]
[BlackElo "2172"]

1.c4 Nf6 2.Nc3 g6 3.g3 Bg7 4.Bg2 O-O 5.d4 d6 6.Nf3 Nbd7 7.O-O e5 8.e4 c6 9.h3
Qb6 10.c5 dxc5 11.dxe5 Ne8 12.Qc2 Qc7 13.Bf4 Nxe5 14.Nxe5 Bxe5 15.Bxe5 Qxe5
16.f4 Qc7 17.g4 Ng7 18.e5 f5 19.exf6 Rxf6 20.Ne4 Rxf4 21.Qxc5 Rxf1+ 22.Rxf1
Be6 23.Kh1 Bxa2 24.Nf6+ Kh8 25.Be4 Rd8 26.Qg5 Ne6 27.Qe3 Qb6 28.Qh6 Nf8 29.Nd5
Qc5 30.Rf7 Qc1+ 31.Qxc1 {#r} 1-0

[Event "Oberliga NRW 1992/93"]
[Site "masterchessopen.com Germany"]
[Round "0"]
[White "Winkeler Uwe (GER)"]
[Black "Schwalen Peter (GER)"]
[Result "1-0"]
[WhiteElo "2244"]
[BlackElo "2151"]

1.d4 Nf6 2.c4 d6 3.Nf3 g6 4.g3 Bg7 5.Bg2 O-O 6.O-O Nbd7 7.Nc3 e5 8.e4 c6 9.h3
exd4 10.Nxd4 Nc5 11.Re1 Re8 12.Rb1 a5 13.b3 d5 14.cxd5 cxd5 15.exd5 Rxe1+
16.Qxe1 Nxd5 17.Nxd5 Bxd4 18.Be3 Bxe3 19.Qxe3 Bf5 20.Ne7+ {#r} 1-0

[Event "Ch Germany (juniors) (under 20) (w)"]
[Site "masterchessopen.com Halle (Germany)"]
[Round "0"]
[White "Jentsch Katja (GER)"]
[Black "Weng Annegret (GER)"]
[Result "1-0"]
[WhiteElo "2021"]
[BlackElo "2141"]

1.d4 Nf6 2.Nf3 g6 3.g3 Bg7 4.Bg2 d6 5.O-O O-O 6.c4 Nbd7 7.Nc3 e5 8.e4 c6 9.h3
Qb6 10.c5 dxc5 11.dxe5 Ne8 12.e6 fxe6 13.Ng5 Ne5 14.f4 c4+ 15.Kh2 Nd3 16.e5
Nc7 17.Be4 Nf2 18.Qd6 Nxe4 19.Ncxe4 Nb5 20.Qe7 Qd8 21.Nf6+ {#r} 1-0

[Event "Ch Hungary (team) 1992/93"]
[Site "masterchessopen.com Hungary"]
[Round "0"]
[White "Jagicza Istvan (HUN)"]
[Black "Jeszenkovics Tibor (HUN)"]
[Result "0-1"]
[WhiteElo "2175"]
[BlackElo "2171"]

1.d4 Nf6 2.Nf3 g6 3.c4 Bg7 4.Nc3 d6 5.g3 O-O 6.Bg2 Nbd7 7.O-O e5 8.e4 c6 9.h3
Qe7 10.Be3 b6 11.Qc2 Bb7 12.Rad1 Rac8 13.Qa4 a6 14.dxe5 dxe5 15.Qb3 c5 16.Nd5
Bxd5 17.exd5 Ne8 18.Ng5 Nd6 19.a4 Rb8 20.Ne4 f5 21.Bg5 Nf6 22.Nxd6 Qxd6 23.Qe3
Nd7 24.Bh6 f4 25.Bxf4 exf4 26.Qe6+ Qxe6 27.dxe6 f3 28.Bxf3 Rxf3 29.exd7 Bd4
30.Kg2 Rf7 {#R} 0-1

[Event "It (open)"]
[Site "masterchessopen.com Katowice (Poland)"]
[Round "3"]
[White "Litynska Marta (UKR)"]
[Black "Colovic Aleksandar (MKD)"]
[Result "1-0"]
[WhiteElo "2340"]
[BlackElo "2305"]

1.d4 Nf6 2.c4 g6 3.Nf3 Bg7 4.g3 O-O 5.Bg2 d6 6.O-O Nbd7 7.Nc3 e5 8.e4 c6 9.h3
Nh5 10.Bg5 Qb6 11.Be7 Re8 12.Bxd6 exd4 13.Na4 Qa6 14.e5 d3 15.b3 Nxe5 16.Nxe5
Bxe5 17.Re1 f6 18.Bxe5 fxe5 19.Qxd3 Qa5 20.Re3 Nf6 21.Rae1 e4 22.Qd4 Qf5
23.Nc5 Rb8 24.Nxe4 Nxe4 25.Bxe4 Qxh3 26.Bd5+ Be6 27.Rxe6 {#r} 1-0

[Event "Ch Moldova"]
[Site "masterchessopen.com Kishinev (Moldova)"]
[Round "0"]
[White "Zaichik Gennadi (USA)"]
[Black "Chernov Vadim (ROM)"]
[Result "0-1"]
[WhiteElo "2457"]
[BlackElo "2439"]

1.c4 Nf6 2.Nc3 d6 3.g3 g6 4.Bg2 Bg7 5.d4 O-O 6.Nf3 Nbd7 7.O-O c6 8.h3 e5 9.e4
Qe7 10.d5 Nc5 11.Ne1 cxd5 12.cxd5 Bd7 13.Nd3 Nxd3 14.Qxd3 Rfc8 15.Rb1 Qd8
16.Be3 Qf8 17.Qd2 b5 18.a3 Nh5 19.Rbc1 f5 20.exf5 gxf5 21.Ne2 a6 22.f4 exf4
23.gxf4 Re8 24.Bf2 Qf6 25.Bf3 Qh6 26.Bd4 Bf6 27.Bg2 Re7 {#R} 0-1

[Event "It (open)"]
[Site "masterchessopen.com New York (USA)"]
[Round "3"]
[White "Arnett David A (USA)"]
[Black "Hulse Brian (USA)"]
[Result "1-0"]
[WhiteElo "2311"]
[BlackElo "2155"]

1.d4 Nf6 2.Nf3 g6 3.c4 Bg7 4.Nc3 O-O 5.g3 d6 6.Bg2 Nbd7 7.O-O e5 8.e4 c6 9.h3
Re8 10.Be3 a6 11.Qc2 b5 12.c5 dxc5 13.dxe5 Nxe5 14.Nxe5 Rxe5 15.f4 Re8 16.Bxc5
Nd7 17.Rad1 Qc7 18.Bf2 b4 19.Nd5 Qb7 20.Ne3 Nb8 21.Nc4 Bf8 22.Nb6 Be6 23.Nxa8
Qxa8 24.f5 Bc8 25.Bc5 Nd7 26.Bxf8 Rxf8 27.Kh2 Ne5 28.Qc5 Qb8 29.f6 Be6 30.Rd6
Nd7 {#r} 1-0

[Event "It (open)"]
[Site "masterchessopen.com New York (USA)"]
[Round "6"]
[White "Umezinwa George (USA)"]
[Black "Morgan Matthew (USA)"]
[Result "1-0"]
[WhiteElo "2242"]
[BlackElo "2275"]

1.d4 Nf6 2.c4 g6 3.Nf3 Bg7 4.g3 O-O 5.Nc3 d6 6.Bg2 Nbd7 7.O-O e5 8.e4 c6 9.h3
Qb6 10.Re1 exd4 11.Nxd4 Ng4 12.Nce2 Nge5 13.b3 Nc5 14.Be3 a5 15.Qc2 a4 16.Rad1
Qa5 17.Nc3 Re8 18.Re2 axb3 19.axb3 Qb4 20.Na2 Qa3 21.Bc1 Qa7 22.Nc3 Qb6 23.Be3
Qb4 24.Red2 Ned7 25.Nce2 Ra3 26.Nc1 Bxd4 27.Rxd4 Nxb3 28.Rxd6 Nxc1 29.Bxc1 Rc3
30.Qd2 Ne5 31.Bb2 {#r} 1-0

[Event "Cup Iwex"]
[Site "masterchessopen.com Pardubice (Czech Republic)"]
[Round "3"]
[White "Marsalek Zdenek (CZE)"]
[Black "Sazonov Anatolij (RUS)"]
[Result "1-0"]
[WhiteElo "2257"]
[BlackElo "2220"]

1.d4 Nf6 2.Nf3 g6 3.g3 Bg7 4.Bg2 O-O 5.O-O d6 6.c4 Nbd7 7.Nc3 c6 8.e4 e5 9.h3
Qe7 10.Re1 a5 11.Be3 Ne8 12.Qc2 Nc7 13.Rad1 Ne6 14.Qd2 exd4 15.Nxd4 Ne5 16.Qe2
Nxd4 17.Bxd4 Be6 18.b3 c5 19.Bxe5 Bxe5 20.Nb5 Ra6 21.a4 Rd8 22.f4 Bg7 23.Qd2
Qd7 24.Kh2 h5 25.Qe2 Qe7 26.Rd3 Bf8 27.Qd2 Bc8 28.e5 Re8 29.Nxd6 Rxd6 30.Rxd6
Qc7 31.Rd3 {#r} 1-0

[Event "It (open)"]
[Site "masterchessopen.com Paris (France)"]
[Round "2"]
[White "Van Dongen Patrick (FRA)"]
[Black "Aveline Philippe (FRA)"]
[Result "1-0"]
[WhiteElo "2280"]
[BlackElo "2093"]

1.d4 Nf6 2.Nf3 g6 3.g3 Bg7 4.Bg2 O-O 5.O-O d6 6.c4 Nbd7 7.Nc3 e5 8.h3 c6 9.e4
a5 10.Be3 Qc7 11.Qc2 exd4 12.Nxd4 Nc5 13.Rad1 Bd7 14.Nb3 Nxb3 15.axb3 b5
16.Bf4 Ne8 17.c5 {#r} 1-0